000 01486nam0a22003131 4500
001 v19\rc\1992724
005 20260406004027.0
035 _a(NLR Aleph) 005272298
090 _a6012561
_c6012561
100 _a20080811d1915 |||y0rusy50 ca
101 1 _arus
_cger
102 _aRU
105 _ay z |||||
200 1 _aБолезни обмена
_eОжирение, подагра, сахарная болезнь и их предупреждение
_fПроф. Г. Штраус и д-р Л. Бамбергер
_gПер. под ред. д-ра О.И. Бронштейна
_gС предисл. проф. Моск. ун-та В.Д. Шервинского
210 _aМосква
_c"Польза" В. Антик и К°
_d1915
215 _a140 с.
_d14
225 1 _aУниверсальная библиотека
_v№ 647-648
700 1 _8rus
_7ca
_aШтраус
_bГ.
_f1868-1944
_gГерман
_3RU\NLR\AUTH\77113553
_996478
701 1 _aБамбергер
_bЛ.
_gЛеопольд
702 1 _4340
_8rus
_7ca
_aБронштейн
_bО. И.
_cд-р медицины
_f1873-1944
_gОсип Ильич
_3RU\NLR\AUTH\77112652
_995577
702 1 _aШервинский
_bВ.Д.
_f1850-1941
_gВасилий Дмитриевич
_4080
801 0 _aRU
_bNLR
_c20080811
_gpsbo
801 0 _aRU
_bRuMoRGB
_c20080811
_2psbo
801 1 _aRU
_bProSoft-M
_c20080811
_2rusmarc
801 2 _aRU
_bNLR
_c20120705
_2rusmarc
852 _aNLR
_j37.36.11.1(647-648)
942 _cBOOK
980 _aNB